Welches nordische Land ... - Statistiken

Allgemein
  • Dieses Quiz wurde 3.168 mal gespielt
  • Das Durchschnittsergebnis liegt bei 12 aus 20
Antwortstatistiken
Hint Antwort % Korrekt
... wurde 1917 von Russland unabhängig?
86%
... hat aktive Vulkane?
86%
... ist die Heimat von Astrid Lindgren?
80%
... ist das Herkunftsland von Lego?
78%
... heißt in der Landessprache "Suomi"?
78%
... ist das Ursprungsland der Sauna?
78%
... hat keine Schlangen?
76%
... hat am häufigsten den Eurovision Song Contest gewonnen?
75%
...hat den nördlichsten vom Festland aus auf dem Straßenweg erreichbaren Punkt Europas?
73%
... ist bekannt für Pferde, die nie wieder einreisen dürfen, wenn sie das Land einmal verlassen haben?
64%
... hat eine Fußball-Europameisterschaft der Männer gewonnen?
61%
... war zweimal Gastgeber der Olympischen Winterspiele?
60%
... hat einen Staatsfonds mit mehr als 1 Billion Euro Vermögen?
57%
... wurde als erstes der fünf Länder 1973 Mitglied der Europäischen Gemeinschaft?
55%
... hat keine Währung mit der Bezeichnung "Krone"?
50%
... bekam 1976 eine aus Deutschland stammende Königin?
47%
... erzeugt mehr als 25 % seiner Energie durch Windkraft?
36%
... trat als letztes der NATO bei?
34%
... ist die Heimat der Sängerin Björk?
32%
... ist in Provinzen unterteilt, die "Fylke" genannt werden?
29%
Keine übereinstimmenden Quizze gefunden
Verteilung der Resultate
Anzahl Personen mit jedem Resultat
Perzentil nach korrekt beantworteten Fragen
Ihre Resultats-Entwicklung
Sie haben dieses Quiz noch nicht gespielt